Coastal Deposits: Environmental Implications, Mathematical Modeling and Technological Development (Record no. 11098)

MARC details
000 -LEADER
fixed length control field 01204nam a2200133Ia 4500
008 - FIXED-LENGTH DATA ELEMENTS--GENERAL INFORMATION
fixed length control field 220615s9999||||xx |||||||||||||| ||und||
020 ## - INTERNATIONAL STANDARD BOOK NUMBER
International Standard Book Number 9783040000000
245 #0 - TITLE STATEMENT
Title Coastal Deposits: Environmental Implications, Mathematical Modeling and Technological Development
546 ## - LANGUAGE NOTE
Language note English[eng]
650 ## - SUBJECT ADDED ENTRY--TOPICAL TERM
Topical term or geographic name entry element Quy Nhon port||dredged materials||dumping location||mud transport||particle tracking||2D model||ratio-based impervious surface index||remote sensing information extraction||urban impervious surface||urbanisation||fuzzy AHP||fuzzy TOPSIS||titan mining||environmental conflict||Ky Anh||Vung Ang Economic Zone||Central Coast Vietnam||beach sand stabilization||coastal erosion||local ureolytic bacterium||microbial induced carbonate precipitation||crystal morphology||nearshore areas||microbially induced carbonate precipitation||ureolytic bacteria||urease activity||biomineralization||coastal erosion protection||artificial beachrock||video monitoring||shoreline change||nearshore sandbars||Fangar bay||wind||shallow and small-scale bay||estuary||micro tidal||n/a
700 ## - ADDED ENTRY--PERSONAL NAME
Personal name Pérez Arlucea, Marta||González-Villanueva, Rita
856 ## - ELECTRONIC LOCATION AND ACCESS
Uniform Resource Identifier <a href="https://mdpi.com/books/pdfview/book/4153">https://mdpi.com/books/pdfview/book/4153</a>
942 ## - ADDED ENTRY ELEMENTS (KOHA)
Koha item type E-Books
Holdings
Withdrawn status Lost status Damaged status Not for loan Home library Current library Date acquired Total Checkouts Date last seen Price effective from Koha item type
        Kerala University of Digital Sciences, Innovation and Technology Knowledge Centre Kerala University of Digital Sciences, Innovation and Technology Knowledge Centre 15/06/2022   15/06/2022 15/06/2022 E-Books